000
00359nam a2200169Ia 4500
100
_a
Amartya Sen
650
_a
Ficiton
942
_c
BK
366
_f
20
654
_a
violence
245
_a
Identity and violence: Illusion of destiny
260
_b
Penquin books
_c
2006
082
_a
303.6/AMA
_b
AMA
300
_a
215
546
_a
ENGLISH
999
_c
25531
_d
25531